000 00490nam a2200193Ia 4500
005 20250819121923.0
008 008 250516s9999 xx 000 0 hin d
020 _a9789350723463
040 _beng
_cSDCL
041 _ahin
_2hin
084 _aO168,3N121x Q2
100 _aManto
245 0 _aTeen Moti Auraten
246 _aतीन मोटी औरतें
260 _aNew Delhi:
_bVani Prakashan,
_c2018.
300 _a72p.
650 _aHindi
942 _cTEXL
_2CC
999 _c1430466
_d1430466